Jak se vyrábí sociologická znalost příručka pro uživatele

Gespeichert in:
Bibliographische Detailangaben
1. Verfasser: Disman, Miroslav
Format: Buch
Sprache:Tschechisch
Veröffentlicht: Praha Nakladatelství Karolinum 2002
Ausgabe:3. vyd.
Schlagworte:
Tags: Tag hinzufügen
Keine Tags, Fügen Sie das erste Tag hinzu!

MARC

LEADER 00000nam a2200000 4500
001 c142567
005 20240517104759.0
020 |a 80-246-0139-7 
041 0 |a cze 
044 |a CZ 
245 1 0 |a Jak se vyrábí sociologická znalost  |b příručka pro uživatele  |c Miroslav Disman 
250 |a 3. vyd. 
264 1 |a Praha  |b Nakladatelství Karolinum  |c 2002 
300 |a 374 s. 
610 2 0 |a sociológia 
610 2 0 |a veda 
610 2 0 |a výskum sociologický 
610 2 0 |a hypotézy 
610 2 0 |a paradigma 
610 2 0 |a analýzy 
100 1 |a Disman, Miroslav